[Event "TUR Cup"]
[Site "Denizli"]
[Date "2023.07.21"]
[Round "8"]
[White "Midem, Ismail Eren"]
[Black "Ekici, Caner"]
[Result "1/2-1/2"]
[WhiteElo "1420"]
[BlackElo "1616"]
[PlyCount "97"]
[EventDate "2023.07.16"]
[EventType "team-tourn"]
[EventRounds "9"]
[EventCountry "TUR"]
[SourceTitle "CBM 215 Extra"]
[Source "ChessBase"]
[SourceDate "2023.09.30"]
[SourceVersion "1"]
[SourceVersionDate "2023.09.30"]
[SourceQuality "1"]

1. d4 d5 2. Nf3 Nf6 3. e3 e6 4. Bd3 Nbd7 5. 0-0 c5 6. b3 Be7 7. Bb2 0-0 8. Nbd2 b6 9. Ne5 Qc7 10. Qe2 Bb7 11. Rad1 Rad8 12. f4 Ne4 13. Rf3 f5 14. Rff1 Nxe5 15. fxe5 Bg5 16. Nf3 Bh6 17. c4 Rf7 18. Bxe4 dxe4 19. Nd2 Rfd7 20. Nb1 Qc6 21. Na3 a6 22. Nc2 b5 23. dxc5 Rd3 24. Nd4 Qxc5 25. Rxd3 exd3 26. Qxd3 Qxe5 27. Re1 bxc4 28. bxc4 Qd6 29. Qb3 Bc8 30. c5 Qxc5 31. Nxe6 Bxe6 32. Qxe6+ Kf8 33. Qb3 Qd5 34. Qxd5 Rxd5 35. Bd4 Ra5 36. Re2 Kf7 37. Kf2 g6 38. Kf3 Ra4 39. Rc2 Bg5 40. g3 Bd8 41. Kf2 Ke6 42. Kf3 g5 43. Rc6+ Kd7 44. Rc2 Bc7 45. Bf6 g4+ 46. Ke2 h5 47. Bg5 Bd6 48. Bf4 Bxf4 49. exf4 1/2-1/2